| 000 | 00505cam a22001337a 4500 | ||
|---|---|---|---|
| 008 | 180718b1976 xxu||||| |||| 00| 0 eng d | ||
| 082 | _aK23x5444 K147re | ||
| 100 | _aKarnataka. Official Committee on the Recommendations of the Karnataka Pay Commission | ||
| 245 | _aReport of the Official Committee on the Recommendations of the Karnataka Pay Commission, 1976 | ||
| 260 |
_aBangalore _bThe author _c1976 |
||
| 300 | _a338+p. | ||
| 500 | _aChairman: N. Narsimha Rau | ||
| 700 | _aNarsimha Rau, N. (Chairman) | ||
| 999 |
_c489315 _d489315 |
||